LIBRARY ONLINE CATALOGUE

The Internet book : (Record no. 6912)

MARC details
000 -LEADER
fixed length control field 00727nam a22002292 4500
001 - CONTROL NUMBER
control field 0000005207
005 - DATE AND TIME OF LATEST TRANSACTION
control field 20151217151956.0
008 - FIXED-LENGTH DATA ELEMENTS--GENERAL INFORMATION
fixed length control field 070608s xx 000 0 eng d
020 ## - INTERNATIONAL STANDARD BOOK NUMBER
International Standard Book Number 812032286X :
040 ## - CATALOGING SOURCE
Original cataloging agency KABU
Transcribing agency KABU
050 #0 - LIBRARY OF CONGRESS CALL NUMBER
Classification number TK5105.875
Item number .I57C66 2000
100 1# - MAIN ENTRY--PERSONAL NAME
Personal name Comer, Douglas E.
-- 0000156314
245 14 - TITLE STATEMENT
Title The Internet book :
Remainder of title everything you need to know about computer networking and how the internet works.
250 ## - EDITION STATEMENT
Edition statement 3rd ed.
260 ## - PUBLICATION, DISTRIBUTION, ETC. (IMPRINT)
Place of publication, distribution, etc. New Delhi :
Name of publisher, distributor, etc. Prentice-Hall of India,
Date of publication, distribution, etc. 2000.
300 ## - PHYSICAL DESCRIPTION
Extent xxvi, 351 p.
650 #0 - SUBJECT ADDED ENTRY--TOPICAL TERM
Topical term or geographic name as entry element Internet.
-- 0000000969
650 #0 - SUBJECT ADDED ENTRY--TOPICAL TERM
Topical term or geographic name as entry element World Wide Web.
-- 0000154277
908 ## - PUT COMMAND PARAMETER (RLIN)
Put command parameter 070608
950 ## - LOCAL HOLDINGS (RLIN)
-- 1
Holdings
Withdrawn status Lost status Source of classification or shelving scheme Not for loan Home library Current library Date acquired Total Checkouts Full call number Barcode Date last seen Date last checked out Price effective from Koha item type
    Library of Congress Classification   Kabarak, Main Campus Kabarak, Main Campus 17/12/2015 2 TK5105.875 .I57C66 2000 008211 01/02/2021 29/01/2021 17/12/2015 General Collection